| 000 | 00674cam a2200241Ia 4500 | ||
|---|---|---|---|
| 001 | 75471 | ||
| 005 | 20230410132558.0 | ||
| 008 | 050308s1971 dr a 000 f spa d | ||
| 010 | _a 75558102 | ||
| 035 | _a(OCoLC)ocm01385120 | ||
| 040 |
_aCOO _cCOO |
||
| 029 | 1 |
_aAU@ _b000006663683 |
|
| 035 | _a(OCoLC)1385120 | ||
| 050 | 1 | 4 |
_aPQ7409.R64 _bR741i 1971 |
| 049 | _aGRAL | ||
| 100 | 1 |
_aRojo Carbuccia, Santiago Osvaldo, _d1891-1973. |
|
| 245 | 1 | 0 |
_aImposible / _cSantiago Osvaldo Rojo Carbuccia. |
| 260 |
_aSanto Domingo : _bImpresora Arte y Cine, _c1971. |
||
| 300 |
_a42 leaves : _bport. ; _c20 cm. |
||
| 500 | _aPoems. | ||
| 942 |
_2lcc _cbk |
||
| 994 |
_aC0 _bDRFGD |
||
| 999 |
_c84008 _d84008 |
||